| 000 | 01090nam a2200241 i 4500 | ||
|---|---|---|---|
| 001 | 160108 | ||
| 003 | ES-MaACL | ||
| 005 | 20230906211933.0 | ||
| 008 | 990427q1868 sp |||| | spa d | ||
| 080 | _a629.127 | ||
| 100 | 1 |
_aMonturiol, Narciso. _982760 |
|
| 245 | 1 | 3 |
_aLa navegación submarina : _bmemoria leída por el inventor del ictíneo en la Junta General de 12 de enero de 1868 / _c[Narciso Monturiol]. |
| 260 |
_a[Barcelona : _bs.n., _c1868] |
||
| 300 |
_a22 p. ; _c26 cm. |
||
| 510 | 4 |
_aPalau, _ct. X, 179869 |
|
| 530 | _aDisponible en formato digital. | ||
| 594 | _aEl autor consta en fin de texto | ||
| 596 | _aTexto fechado en Barcelona, 12 de enero de 1868. | ||
| 650 | 4 |
_aSubmarinos. _9155749 |
|
| 852 | 4 |
_aES-MaACL _jT-60-F-10 _z- Enc. hol., falto de port. _z- Enc. en un vol. facticio |
|
| 852 | 4 |
_aES-MaACL _jT-65-F-7 _z- Enc. hol., falto de port. _z- Enc. en un vol. facticio |
|
| 856 | 4 |
_uhttp://www.bibgirona.cat/pandora/viewer.vm?id=0000645641 _zDigitalización y difusión del patrimonio bibliográfico y hemerográfico de la provincia de Girona |
|
| 999 |
_c160108 _d160108 |
||